| Tag |
First Indicator |
Second Indicator |
Subfields |
| LEADER |
00000cam a2200000 i 4500 |
| 001 |
in00000012726 |
| 005 |
20151007051905.0 |
| 008 |
770630s1938 enka 00010 eng |
| 010 |
|
|
|a 38013875
|
| 035 |
|
|
|a (OCoLC)03083885
|
| 035 |
|
|
|9 AAA5302AM
|
| 040 |
|
|
|a DLC
|c LDL
|d m.c.
|d TXA
|d UtOrBLW
|
| 049 |
|
|
|a TXAS
|c [A08599034]
|
| 050 |
0 |
0 |
|a PR6017.S5
|b L5 1938
|
| 100 |
1 |
|
|a Isherwood, Christopher,
|d 1904-1986.
|
| 245 |
1 |
0 |
|a Lions and shadows :
|b an education in the Twenties /
|c Christopher Isherwood.
|
| 264 |
|
1 |
|a London :
|b Pub. by L. & Virginia Woolf at the Hogarth press,
|c 1938.
|
| 300 |
|
|
|a 312 pages :
|b frontispiece ;
|c 19 cm.
|
| 336 |
|
|
|a text
|b txt
|2 rdacontent
|
| 337 |
|
|
|a unmediated
|b n
|2 rdamedia
|
| 338 |
|
|
|a volume
|b nc
|2 rdacarrier
|
| 999 |
|
|
|a MARS
|
| 999 |
f |
f |
|s 93afaaa5-c7f7-3a6c-b7ec-154362ade343
|i fc75218c-9f8d-3dfd-ab2f-b70be99ac571
|t 0
|
| 952 |
f |
f |
|p noncirc
|a Texas A&M University
|b College Station
|c Cushing Memorial Library & Archives
|d Cushing: Rare Books (Does not check out)
|t 0
|e PR6017.S5 L5 1938
|h Library of Congress classification
|i unmediated -- volume
|m A14808599034
|
| 998 |
f |
f |
|a PR6017.S5 L5 1938
|t 0
|l Cushing: Rare Books (Does not check out)
|